000 00383nam a22001337a 4500
005 20200603155125.0
008 200603b xxu||||| |||| 00| 0 eng d
082 _a345.4 AIR
110 _aThe All Iindia reporter
_95760
245 _aThe All Iindia reporter 1987(V-74) ALLAHABAD Section
260 _aBOMBAY
_bThe All Iindia reporter Ltd.
_c1987
650 _aLAW
_95701
942 _cJRL
999 _c6784
_d6782